000 00836cam a2200241 a 4500
001 11922491
005 20180312094458.0
008 000225s2001 nyua 001 0 eng
010 _a 00027365
020 _a0471332364 (set : acidfree paper)
020 _a0471332356 (v. 1 : acidfree paper)
020 _a0471360376 (v. 2 : acidfree paper)
040 _aDLC
_cDLC
_dDLC
041 _aeng
080 _a530 DAV
082 0 0 _a530 DAV
_221
100 1 _a43
101 _aFIZ
245 1 0 _aFundamentals of physics.
906 _a7
_bcbc
_corignew
_d1
_eocip
_f20
_gy-gencatlg
942 _2ddc
_cBK
999 _c44783
_d44783